[Event "Ghent Taminco op 35th"]
[Site "Ghent"]
[Date "2012.07.16"]
[Round "7"]
[White "Debusschere, Helmut"]
[Black "Willemsma, Abe"]
[Result "0-1"]
[WhiteElo "1777"]
[BlackElo "2123"]
[PlyCount "46"]
[EventDate "2012.07.14"]
[EventType "swiss"]
[EventRounds "9"]
[EventCountry "BEL"]
[SourceTitle "CBM 149 Extra"]
[Source "ChessBase"]
[SourceDate "2012.08.24"]
[SourceVersion "1"]
[SourceVersionDate "2012.08.24"]
[SourceQuality "1"]

1. e4 Nf6 2. e5 Nd5 3. c4 Nb6 4. d4 d6 5. f4 g6 6. Nf3 Bg7 7. Be2 0-0 8. 0-0 Be6 9. d5 Bf5 10. Nc3 N8d7 11. exd6 exd6 12. Nd4 Nc5 13. Nxf5 gxf5 14. Be3 Re8 15. Bxc5 dxc5 16. Qb3 Bxc3 17. Qxc3 Rxe2 18. Rf3 f6 19. Qd3 Re4 20. Rg3+ Kh8 21. b3 Qe7 22. Qd2 Nc8 23. h3 Nd6 0-1

[Event "Maastricht Limburg op Veterans 6th"]
[Site "Maastricht"]
[Date "2012.05.28"]
[Round "5"]
[White "Schreinemachers, Jo"]
[Black "Debusschere, Helmut"]
[Result "0-1"]
[WhiteElo "1544"]
[BlackElo "1784"]
[PlyCount "68"]
[EventDate "2012.05.25"]
[EventType "swiss"]
[EventRounds "5"]
[EventCountry "NED"]
[SourceTitle "EXT 2013"]
[Source "ChessBase"]
[SourceDate "2012.11.22"]
[SourceVersion "1"]
[SourceVersionDate "2012.11.22"]
[SourceQuality "1"]

1. d4 c5 2. d5 Nf6 3. c4 b5 4. Nf3 g6 5. cxb5 a6 6. Nc3 axb5 7. Nxb5 d6 8. Nc3 Bg7 9. e4 Nbd7 10. Bd3 0-0 11. 0-0 Ba6 12. Re1 Ng4 13. Bf4 Qa5 14. Bxa6 Qxa6 15. Qc2 Rfb8 16. h3 Nge5 17. Nxe5 Nxe5 18. Bxe5 Bxe5 19. g3 Qb6 20. Reb1 Qb4 21. a3 Qc4 22. Kg2 Rb3 23. Rc1 Rab8 24. Rab1 Bxc3 25. bxc3 Rxb1 26. Rxb1 Rxb1 27. Qxb1 Qxc3 28. a4 Kg7 29. g4 c4 30. Qb5 Qd4 31. f3 c3 32. Qb3 g5 33. a5 Qd2+ 34. Kg3 c2 0-1

[Event "BEL-ch op"]
[Site "Westerlo"]
[Date "2010.07.04"]
[Round "2"]
[White "Lombart, Philippe"]
[Black "Debusschere, Helmut"]
[Result "1-0"]
[WhiteElo "1988"]
[BlackElo "1848"]
[PlyCount "49"]
[EventDate "2010.07.03"]
[EventType "swiss"]
[EventRounds "9"]
[EventCountry "BEL"]
[SourceTitle "CBM 137 Extra"]
[Source "ChessBase"]
[SourceDate "2010.09.01"]
[SourceVersion "1"]
[SourceVersionDate "2010.09.01"]
[SourceQuality "1"]

1. d4 c5 2. d5 Nf6 3. c4 b5 4. Nf3 bxc4 5. Nc3 d6 6. e4 Nbd7 7. Bxc4 g6 8. 0-0 Bg7 9. Bf4 Nb6 10. Bb5+ Bd7 11. e5 Nh5 12. e6 fxe6 13. Bxd7+ Qxd7 14. dxe6 Qb7 15. Be3 0-0 16. Ng5 Nf4 17. Qg4 Nh5 18. Rad1 Rab8 19. Nf7 Nc8 20. Ne4 Qa6 21. Bh6 Rxb2 22. Bxg7 Kxg7 23. Qg5 Qxa2 24. Qh6+ Kg8 25. Neg5 1-0

[Event "Maastricht Limburg op-B 4th"]
[Site "Maastricht"]
[Date "2010.05.24"]
[Round "6"]
[White "Debusschere, Helmut"]
[Black "Coenen, Bert"]
[Result "0-1"]
[WhiteElo "1884"]
[BlackElo "1844"]
[PlyCount "42"]
[EventDate "2010.05.21"]
[EventType "swiss"]
[EventRounds "7"]
[EventCountry "NED"]
[SourceTitle "EXT 2011"]
[Source "ChessBase"]
[SourceDate "2010.11.26"]
[SourceVersion "1"]
[SourceVersionDate "2010.11.26"]
[SourceQuality "1"]

1. e4 c5 2. Nf3 e6 3. d4 cxd4 4. Nxd4 a6 5. g3 b6 6. Bg2 Bb7 7. 0-0 Qc7 8. Nc3 d6 9. Be3 Nf6 10. a3 Be7 11. Rc1 0-0 12. f3 Nbd7 13. Nce2 Rac8 14. b3 Rfe8 15. c4 Qb8 16. a4 d5 17. cxd5 Rxc1 18. Qxc1 exd5 19. Nc6 Bxc6 20. Bf4 Bc5+ 21. Kh1 Qb7 0-1

[Event "Maastricht Limburg op-B 4th"]
[Site "Maastricht"]
[Date "2010.05.24"]
[Round "7"]
[White "Tjong, Akiet Raf"]
[Black "Debusschere, Helmut"]
[Result "0-1"]
[WhiteElo "1772"]
[BlackElo "1884"]
[PlyCount "68"]
[EventDate "2010.05.21"]
[EventType "swiss"]
[EventRounds "7"]
[EventCountry "NED"]
[SourceTitle "EXT 2011"]
[Source "ChessBase"]
[SourceDate "2010.11.26"]
[SourceVersion "1"]
[SourceVersionDate "2010.11.26"]
[SourceQuality "1"]

1. d4 c5 2. d5 Nf6 3. Nf3 d6 4. Nc3 g6 5. e4 Nbd7 6. Be2 Bg7 7. 0-0 0-0 8. h3 a6 9. a4 b6 10. Re1 Kh8 11. Bf1 Ng8 12. g4 Qc7 13. Nh2 Bb7 14. f4 f6 15. Nf3 Bc8 16. g5 Rb8 17. h4 Re8 18. h5 fxg5 19. Nxg5 Bd4+ 20. Be3 Ndf6 21. Bxd4 cxd4 22. Qxd4 Qc5 23. Qxc5 bxc5 24. hxg6 hxg6 25. e5 dxe5 26. fxe5 Nh5 27. Nf7+ Kg7 28. e6 Rxb2 29. Ne4 Rxc2 30. d6 Bxe6 31. Ne5 exd6 32. Nxd6 Rd8 33. Rad1 Rf8 34. Nxg6 Rxf1+ 0-1

[Event "Maastricht Limburg op-B 4th"]
[Site "Maastricht"]
[Date "2010.05.23"]
[Round "5"]
[White "Hauglustaine, Sander"]
[Black "Debusschere, Helmut"]
[Result "1-0"]
[WhiteElo "1782"]
[BlackElo "1884"]
[PlyCount "39"]
[EventDate "2010.05.21"]
[EventType "swiss"]
[EventRounds "7"]
[EventCountry "NED"]
[SourceTitle "EXT 2011"]
[Source "ChessBase"]
[SourceDate "2010.11.26"]
[SourceVersion "1"]
[SourceVersionDate "2010.11.26"]
[SourceQuality "1"]

1. e4 c5 2. Nc3 Nc6 3. Bb5 Nd4 4. Bc4 e6 5. Nge2 Nxe2 6. Qxe2 Ne7 7. d3 Nc6 8. f4 d6 9. 0-0 a6 10. a4 Be7 11. Be3 Bf6 12. e5 dxe5 13. Bxc5 exf4 14. Rxf4 Nd4 15. Qf2 Nc6 16. Ne4 Be7 17. Bb6 Qd7 18. Rxf7 Rf8 19. Rxf8+ Bxf8 20. Rf1 1-0

[Event "Eupen op"]
[Site "Eupen"]
[Date "2006.12.10"]
[Round "3"]
[White "Debusschere, Helmut"]
[Black "Doetjes, Rienk"]
[Result "1-0"]
[WhiteElo "1809"]
[BlackElo "1508"]
[PlyCount "85"]
[EventDate "2006.12.08"]
[EventType "swiss"]
[EventRounds "7"]
[EventCountry "BEL"]
[SourceTitle "CBM 115 Extra"]
[Source "ChessBase"]
[SourceDate "2007.01.10"]
[SourceVersion "1"]
[SourceVersionDate "2007.01.10"]
[SourceQuality "1"]

1. e4 e5 2. Nf3 Nc6 3. Bb5 a6 4. Ba4 Nf6 5. Qe2 b5 6. Bb3 Na5 7. 0-0 Nxb3 8. axb3 d6 9. Nc3 Bb7 10. d3 Be7 11. Bd2 0-0 12. b4 c6 13. Nd1 Qc7 14. Bg5 Rfe8 15. Ne3 d5 16. Bxf6 Bxf6 17. Nd2 d4 18. Nf5 Bc8 19. Ng3 c5 20. bxc5 Qxc5 21. Rfc1 Bg5 22. c3 Be6 23. cxd4 Qxd4 24. Nf3 Qd8 25. Nxg5 Qxg5 26. Rc7 Rec8 27. Rxc8+ Bxc8 28. Qc2 Qd8 29. Qc6 Bd7 30. Qd6 Qe8 31. Rxa6 Rxa6 32. Qxa6 g6 33. Nf1 b4 34. Qd6 b3 35. Ne3 Bc6 36. Nc4 f6 37. Qxf6 Bb5 38. Qxe5 Qxe5 39. Nxe5 Kg7 40. f4 Kf6 41. g3 h5 42. h4 Ba6 43. Kf2 1-0